| 000 | 01569nam a2200253 a 4500 | ||
|---|---|---|---|
| 001 | 000028500 | ||
| 005 | 20240229073821.0 | ||
| 008 | 110408s2006 dr f000 0 spa d | ||
| 040 |
_aDO-SdBNP _bspa _cBNPHU |
||
| 082 |
_a342.729302 _bR426c, 2006 |
||
| 110 | 1 |
_aRepública Dominicana. _9447 |
|
| 240 | 1 | 0 | _aConstitución (1844) |
| 245 | 1 | 3 |
_aLa constitución de la República Dominicana : _bcomentada por los jueces del Poder Judicial / _cpresentación Jorge A. Subero Isa. |
| 260 |
_aSanto Domingo : _bSuprema Corte de Justicia, _c2006. |
||
| 300 |
_a883 p. ; _c24 cm. |
||
| 504 | _aIncluye bibliografía y notas al pie de páginas. | ||
| 505 | 0 |
_gPresentación / _rJorge A. Subero Isa -- _tDe la Nación, de su soberanía y de su gobierno -- _tDel Territorio -- _tDel régimen económico y social fronterizo -- _tDe los derechos individuales y sociales -- _tDe los deberes -- _tDerechos políticos -- _tDel Poder Ejecutivo -- _tDe la Cámara de Cuentas -- _tDel Distrito Nacional y de los municipios -- _tDel régimen de las provincias -- _tDe las Asambleas electorales -- _tDe las Fuerzas Armadas -- _gDisposiciones generales -- _tDe las Reformas Constitucionales -- _gAnexos: _tConstitución de la República -- _gAutores. |
|
| 590 | _aInventariado, 2018/ YL | ||
| 651 | 4 |
_aRepública Dominicana _xConstitución (1844{Rpara} _935555 |
|
| 651 | 4 |
_aRepública Dominicana _xDerecho Constitucional _99303 |
|
| 700 | 1 | 2 |
_aSubero Isa, Jorge A., _d1947- _epresent. _976863 |
| 710 | 2 |
_aRepública Dominicana. _bSuprema Corte de Justicia. _97906 |
|
| 910 | _aValidado. Control de calidad EMS | ||
| 999 |
_c27992 _d27992 |
||